| 000 | 01230nas a2200409 4500 | ||
|---|---|---|---|
| 001 | BR2018000601 | ||
| 003 | BR-BrBNA | ||
| 005 | 20231205131254.0 | ||
| 007 | ta | ||
| 008 | 230509b bl.|||p| |||| 00| 00por d | ||
| 040 |
_aBR-BrBNA _bpor _cBiblioteca Nacional de Agricultura |
||
| 041 | _a(En) | ||
| 072 | _aL02; L51; L01 | ||
| 100 | 1 | _aMoreira, J.A. | |
| 100 | 1 | _aOliveira, R.L.R. de | |
| 100 | 1 | _aSilva, A.D.L. da | |
| 100 | 1 | _aMota, L.C. | |
| 100 | 1 | _aChagas, B.M.E. das | |
| 100 | 1 | _aMarinho, A.L. | |
| 100 | 1 | _aSouza, J.G. de | |
| 100 | 1 | _aTeixeira, E.N.M. | |
| 245 | 1 | _aMeat properties and fatty acid profile of swine fed cashew bagasse bran in qualitative food restriction program | |
| 650 | _aSUÍNO | ||
| 650 | _aTERMINAÇÃO | ||
| 650 | _aDIETA | ||
| 650 | _aCARCAÇA | ||
| 650 | _aRENDIMENTO | ||
| 650 | _aCAJU | ||
| 650 | _aFARELO | ||
| 650 | _aFIBRA | ||
| 650 | _aCONVERSÃO ALIMENTAR | ||
| 650 | _aPRODUÇÃO ALIMENTAR | ||
| 773 | 0 |
_tRevista Brasileira de Zootecnia (Brazil) _xISSN 1806-9290 _g(2018), v. 47 p. 1-6 _wBR2018000601 |
|
| 856 | 4 | 0 | _uhttp://www.scielo.br/pdf/rbz/v47/1806-9290-rbz-rbz4720170034.pdf |
| 909 |
_a202311 _bLúcia _c55 _dLúcia Elande |
||
| 942 |
_2AGRIS _n0 _cANA |
||
| 999 |
_c253910 _d253910 |
||